| 000 | 00541 a2200193 4500 | ||
|---|---|---|---|
| 005 | 20260209164008.0 | ||
| 008 | 260209b |||||||| |||| 00| 0 eng d | ||
| 020 |
_a9789369676972 _cRs. 4995.00 |
||
| 040 | _aMAIN | ||
| 082 |
_a320.50954 _bJ199I |
||
| 100 | _a Jaiswal, Piyush Kumar | ||
| 245 | _aIndian political thought: Themes and thinkers | ||
| 260 |
_bScientific Books International _c2026 _aNew Delhi |
||
| 300 | _a262 | ||
| 650 | _aPolitical Science | ||
| 650 | _aPolitical Thought | ||
| 650 | _aIndian Politics | ||
| 942 | _cBK | ||
| 999 |
_c395166 _d395166 |
||